[Event "Guillermo Garcia Memorial-D"]
[Site "Santa Clara"]
[Date "2024.05.21"]
[Round "9"]
[White "Mestre Nunez, Pedro Luis"]
[Black "Silva Martinez Del Canizo, Sebastian"]
[Result "0-1"]
[WhiteElo "2075"]
[BlackElo "1942"]
[PlyCount "61"]
[EventDate "2024.05.14"]
[EventType "swiss"]
[EventRounds "9"]
[EventCountry "CUB"]
[SourceTitle "CBM 220 Extra"]
[Source "ChessBase"]
[SourceDate "2024.07.31"]
[SourceVersion "1"]
[SourceVersionDate "2024.07.31"]
[SourceQuality "1"]

1. e4 c5 2. Nf3 d6 3. d4 cxd4 4. Nxd4 Nf6 5. Nc3 a6 6. Bg5 Nbd7 7. a3 Qc7 8. Qd2 e6 9. 0-0-0 b5 10. f3 Be7 11. a4 Rb8 12. Be3 Ne5 13. g4 Nfd7 14. f4 Nc4 15. Bxc4 bxc4 16. Qe2 Nc5 17. Kb1 Qb7 18. Bc1 Bd7 19. h4 0-0 20. Ka1 Rfc8 21. f5 d5 22. exd5 Nxa4 23. Nxa4 Bxa4 24. Rh3 exd5 25. f6 Bf8 26. Qg2 Bd7 27. Rf3 g6 28. h5 gxh5 29. Ka2 Bxg4 30. Rh1 Qd7 31. Rfh3 0-1

[Event "Guillermo Garcia Memorial-D"]
[Site "Santa Clara"]
[Date "2024.05.15"]
[Round "2"]
[White "Alvarez Ruiz, Esteban"]
[Black "Mestre Nunez, Pedro Luis"]
[Result "1/2-1/2"]
[WhiteElo "2053"]
[BlackElo "2075"]
[PlyCount "43"]
[EventDate "2024.05.14"]
[EventType "swiss"]
[EventRounds "9"]
[EventCountry "CUB"]
[SourceTitle "CBM 220 Extra"]
[Source "ChessBase"]
[SourceDate "2024.07.31"]
[SourceVersion "1"]
[SourceVersionDate "2024.07.31"]
[SourceQuality "1"]

1. e4 e5 2. Nf3 Nc6 3. Nc3 Nf6 4. d4 exd4 5. Nxd4 Bb4 6. Nxc6 bxc6 7. Bd3 d5 8. exd5 0-0 9. 0-0 cxd5 10. Bg5 c6 11. Qf3 Bd6 12. h3 h6 13. Bxf6 Qxf6 14. Qxf6 gxf6 15. Rad1 Be6 16. b3 f5 17. Ne2 f4 18. Nd4 c5 19. Nb5 Be5 20. Rfe1 f6 21. Nc7 Bxc7 22. Rxe6 1/2-1/2

[Event "Villa Clara Province-ch sf"]
[Site "Santa Clara"]
[Date "2010.09.17"]
[Round "2"]
[White "Garcia Matos, Richard Alejandro"]
[Black "Mestre Nunez, Pedro Luis"]
[Result "1-0"]
[WhiteElo "2219"]
[BlackElo "2083"]
[PlyCount "50"]
[EventDate "2010.09.16"]
[EventType "swiss"]
[EventRounds "9"]
[EventCountry "CUB"]
[SourceTitle "EXT 2019"]
[Source "ChessBase"]
[SourceDate "2018.10.10"]
[SourceVersion "1"]
[SourceVersionDate "2018.10.10"]
[SourceQuality "1"]

1. Nf3 d5 2. d4 Nf6 3. c4 c6 4. e3 Bf5 5. Nc3 e6 6. Nh4 Bg6 7. Nxg6 hxg6 8. Rb1 Nbd7 9. b4 Bd6 10. c5 Bc7 11. Bd3 e5 12. b5 Qe7 13. bxc6 bxc6 14. Qa4 0-0 15. Rb7 Rfc8 16. 0-0 Bb8 17. f4 exd4 18. exd4 Qf8 19. Bd2 Nxc5 20. dxc5 Qxc5+ 21. Kh1 Ng4 22. Nd1 Re8 23. Rb1 Qd6 24. Rc1 Re6 25. Ba6 Bc7 1-0

[Event "Santa Clara Salado Cup-B"]
[Site "Santa Clara"]
[Date "2003.02.08"]
[Round "8"]
[White "Mestre Nunez, Pedro Luis"]
[Black "Ulloa, Yoriley"]
[Result "1-0"]
[WhiteElo "2168"]
[BlackElo "2036"]
[PlyCount "47"]
[EventDate "2003.02.03"]
[EventType "tourn"]
[EventRounds "9"]
[EventCountry "CUB"]
[SourceTitle "EXT 2004"]
[Source "ChessBase"]
[SourceDate "2003.11.25"]
[SourceVersion "1"]
[SourceVersionDate "2003.11.25"]
[SourceQuality "1"]

1. e4 c5 2. Nf3 d6 3. d4 cxd4 4. Nxd4 Nf6 5. Nc3 g6 6. Be3 Bg7 7. f3 0-0 8. Qd2 Nc6 9. 0-0-0 Bd7 10. g4 Qa5 11. h4 Rfc8 12. h5 Nb4 13. Kb1 Rxc3 14. Qxc3 e5 15. a3 exd4 16. Bxd4 Nxe4 17. fxe4 Bxd4 18. Rxd4 Nc6 19. Qxa5 Nxa5 20. hxg6 hxg6 21. g5 Nc6 22. Rxd6 Bg4 23. Bc4 Re8 24. Rxg6+ 1-0